000 00366nam a2200133Ia 4500
008 210210b1970 xxu||||| |||| 00| 0 eng d
082 _a301 THOB
100 _aTHOMPSON (James D) & HOUTEN (Donald R Van).
245 _aBehavioural sciences: an interpretation.
260 _aLondon
_bAddison-Wesley
_c1970
300 _axv,268
690 _aSociology
906 _a040868
999 _c90647
_d90647